[Event "Santa Catalina"]
[Site "?"]
[Date "1987.??.??"]
[Round "?"]
[White "Rivas Pastor, Manuel"]
[Black "Armas Gutierrez, Jorge Enrique"]
[WhiteElo "2440"]
[BlackElo "2455"]
[Result "1-0"]

1. e4 d5 2. exd5 Nf6 3. d4 Nxd5 4. Nf3 g6 5. Be2 Bg7 6. O-O O-O 7. Re1 Nc6 8. c3 Bf5 9. Na3 Re8 10. Nc4 Nb6 11. Bf4 Nxc4 12. Bxc4 Na5 13. Bf1 Bg4 14. h3 Bxf3 15. Qxf3 Qd7 16. d5 b5 17. Rad1 Nb7 18. Qg4 Qxg4 19. hxg4 Nd6 20. Bxd6 exd6 21. Bxb5 Rxe1+ 22. Rxe1 Rb8 23. a4 Be5 24. Re2 Kg7 25. Kf1 g5 26. Ke1 Rh8 27. Re4 Rb8 28. Re2 Rh8 29. g3 Rb8 30. Kd1 Kg6 31. Kc2 h5 32. Bd3+ Kh6 33. gxh5 Kxh5 34. Re4 Bf6 35. Rc4 Bd8 36. b4 Kh6 37. a5 Kg7 38. Rc6 Kf6 39. Ra6 Rb7 40. Bc4 Ke5 41. Bb3 Ke4 42. Ba4 Kf3 43. Bc6 Rb8 44. Rxa7 g4 45. Rb7 Ra8 46. Rb5 Ra7 47. Rb8 Bg5 48. Bd7 Kxf2 49. Bxg4 Kxg3 50. Bd7 Kf3 51. Re8 f6 52. Kd3 Bf4 53. Rf8 Be5 54. Rf7 

1-0

[Event "Albacete"]
[Site "?"]
[Date "1989.??.??"]
[Round "?"]
[White "Rivas Pastor, Manuel"]
[Black "Bellon Lopez, Juan Manuel"]
[WhiteElo "2505"]
[BlackElo "2470"]
[Result "1-0"]

1. e4 c6 2. Nc3 d5 3. d4 dxe4 4. Nxe4 h6 5. Nf3 Bf5 6. Nc5 Nd7 7. Nxd7 Qxd7 8. Ne5 Qd8 9. Qf3 e6 10. Bd3 Qxd4 11. Nxc6 Qc5 12. Bxf5 Qxf5 13. Qxf5 exf5 14. Nd4 g6 15. Bf4 O-O-O 16. O-O-O g5 17. Be5 f6 18. Ne6 Re8 19. Nxf8 Rxf8 20. Bd6 Re8 21. Rd5 Ne7 22. Bxe7 Rxe7 23. Rc5+ Rc7 24. Rxf5 Rc6 25. Re1 Rd8 26. b3 Rd4 27. Re7 Rd7 28. Re3 a6 29. a4 Kd8 30. a5 Re7 31. Rxe7 Kxe7 32. c4 Rd6 33. Kc2 Rd4 34. Rf3 h5 35. Re3+ Kf7 36. Rd3 Rf4 37. f3 g4 38. Kd2 Rf5 39. b4 Ke6 40. Re3+ Kd6 41. Ke2 Rg5 42. f4 Rf5 43. Re4 h4 44. h3 gxh3 45. gxh3 Rh5 46. Kf3 Rh7 47. Kg4 Rg7+ 48. Kxh4 Rg1 49. Kh5 Kd7 50. h4 Rg2 51. f5 

1-0

[Event "3rd Albacete Spain, Open"]
[Site "?"]
[Date "2005.09.06"]
[Round "?"]
[White "Rivas Pastor, Manuel"]
[Black "Cabrera, Alexis"]
[WhiteElo "2445"]
[BlackElo "2500"]
[Result "1-0"]

1. d4 d5 2. c4 c6 3. Nf3 Nf6 4. e3 g6 5. b3 Bg7 6. Bb2 O-O 7. Be2 Bf5 8. O-O Nbd7 9. Nc3 Ne4 10. cxd5 Nxc3 11. Bxc3 cxd5 12. Rc1 Qb6 13. Qd2 a5 14. Ne5 Nxe5 15. dxe5 Rfd8 16. Bd4 Qb4 17. Rc3 Rac8 18. Rfc1 a4 19. Qd1 Qa3 20. g4 Rxc3 21. Rxc3 Bd7 22. Qc2 axb3 23. Rxb3 Qa8 24. Qc7 Bc6 25. e6 Bxd4 26. exf7+ Kxf7 27. exd4 Qb8 28. Qa5 Kg7 29. Qb4 Qd6 30. Qxd6 Rxd6 31. Rf3 Rf6 32. g5 Rxf3 33. Bxf3 Kf7 34. Bg4 Bb5 35. f4 e6 36. Kf2 Ke7 37. Ke3 Kd6 38. Kd2 Bc4 39. a3 b6 40. Kc3 Bf1 41. Kb4 Bd3 42. Bd1 Bf1 43. Ba4 Bd3 44. Be8 Be2 45. Bb5 Bd1 46. Bf1 Bc2 47. Kb5 Kc7 48. Ka6 Ba4 49. Bb5 Bc2 50. Ka7 Be4 51. h4 Bf3 52. Be8 Bd1 53. Bf7 Kd7 54. Kxb6 Ke7 55. Bg8 Bc2 56. Kb5 Bf5 57. a4 Kf8 58. Bxh7 Kg7 59. a5 Kxh7 60. a6 Bd3+ 61. Kb6 Bxa6 62. Kxa6 Kg7 63. Kb6 Kf7 64. Kc7 Ke7 65. Kc6 

1-0

[Event "White Knights"]
[Site "?"]
[Date "1984.??.??"]
[Round "?"]
[White "Rivas Pastor, Manuel"]
[Black "Cherepkov, Alexander V"]
[WhiteElo "2500"]
[BlackElo "2425"]
[Result "1-0"]

1. d4 Nf6 2. c4 e6 3. Nc3 Bb4 4. e3 c5 5. Ne2 cxd4 6. exd4 d5 7. a3 Be7 8. Nf4 Nc6 9. Be3 O-O 10. cxd5 Nxd5 11. Ncxd5 exd5 12. Bd3 Bf6 13. O-O g6 14. Bb1 Bg7 15. Ba2 Be6 16. Re1 Qb6 17. Bxd5 Bxd5 18. Nxd5 Qa5 19. Qf3 Rad8 20. Nf6+ Kh8 21. b4 Qa6 22. Rad1 Qxa3 23. b5 Ne7 24. d5 Nf5 25. Nh5 Nxe3 26. Rxe3 Qc5 27. Nxg7 Kxg7 28. h4 h5 29. Qe4 Qxb5 30. d6 Rd7 31. Qd4+ Kg8 32. Qxa7 Rfd8 33. Red3 b6 34. Qa1 Qc5 35. Qf6 Qf5 36. Qxf5 gxf5 37. Rd5 f4 38. R1d4 f3 39. g3 Kg7 40. Rf4 Rxd6 41. Rxh5 Rd1+ 42. Kh2 R8d5 43. Rxd5 Rxd5 44. g4 b5 45. Kg3 f5 46. g5 Kg6 47. Rb4 Rc5 48. Kxf3 Rc3+ 49. Kg2 Kh5 50. f3 Ra3 51. Rf4 Kg6 52. Rd4 Kh5 53. Kg3 Kg6 54. Rd6+ Kg7 55. Rb6 Rb3 56. h5 

1-0

[Event "Thessaloniki ol"]
[Site "?"]
[Date "1988.??.??"]
[Round "?"]
[White "Rivas Pastor, Manuel"]
[Black "Espinoza Flores, Rafael"]
[WhiteElo "2505"]
[BlackElo "2425"]
[Result "1-0"]

1. c4 e5 2. Nc3 Nf6 3. Nf3 Nc6 4. e3 Bb4 5. Qc2 O-O 6. d3 Re8 7. Bd2 a5 8. Be2 d5 9. cxd5 Nxd5 10. O-O Be6 11. a3 Nxc3 12. bxc3 Bd6 13. a4 b6 14. Rfe1 h6 15. Rad1 f5 16. Bc1 Qf6 17. Nd2 Rad8 18. Bb2 Qf7 19. Bf1 f4 20. exf4 exf4 21. d4 Bf5 22. Bd3 Bxd3 23. Qxd3 Rxe1+ 24. Rxe1 Re8 25. Ne4 Rd8 26. Bc1 Ne7 27. Nxd6 Rxd6 28. Qe4 Ng6 29. h4 Qd5 30. Qxd5+ Rxd5 31. Re6 Kf7 32. Rc6 Rd7 33. Rc4 h5 34. g3 fxg3 35. fxg3 Ne7 36. Bf4 Nd5 37. Be5 g6 38. Rc6 Ne7 39. Rf6+ Ke8 40. c4 c6 41. Kf2 Rb7 42. Ke3 b5 43. d5 bxc4 44. dxc6 Rb6 45. c7 Rxf6 46. Bxf6 Nc8 47. Bc3 Kd7 48. Bxa5 Ne7 49. Bb6 c3 50. Ke2 Kc8 51. Kd3 Nd5 52. a5 Kd7 53. Bd4 Nxc7 54. Bxc3 Kd6 55. Ke4 Ke6 56. Bd2 Na6 57. Be3 Nb4 58. Bf4 Kf7 59. Be3 

1-0

[Event "ESP-chT"]
[Site "?"]
[Date "1991.??.??"]
[Round "?"]
[White "Rivas Pastor, Manuel"]
[Black "Fernandez Garcia, Jose Luis"]
[WhiteElo "2450"]
[BlackElo "2455"]
[Result "1-0"]

1. c4 Nf6 2. Nc3 e5 3. Nf3 Nc6 4. e3 Be7 5. d4 exd4 6. Nxd4 O-O 7. Nc2 Nb4 8. e4 Re8 9. Ne3 Bc5 10. a3 Nc6 11. Bd3 Ne5 12. O-O d6 13. Be2 Ng6 14. f3 a5 15. Kh1 Bd7 16. Nf5 h6 17. Ng3 Ne5 18. b3 Nc6 19. Nb5 Na7 20. Nd4 Nc6 21. Nc2 Nh7 22. Bb2 Ng5 23. Qd2 Qe7 24. Rae1 Qf8 25. Bd1 Ne7 26. f4 Nh7 27. Nh5 f6 28. e5 Nc6 29. exf6 Nxf6 30. Bxf6 gxf6 31. Qc3 Kh8 32. b4 axb4 33. axb4 Rxe1 34. Rxe1 Bf2 35. Rf1 Bb6 36. b5 Ne7 37. Ne3 Nf5 38. Nxf5 Bxf5 39. Bf3 Re8 40. Nxf6 Qg7 41. g4 Re6 42. gxf5 Qxf6 43. Qc2 Re3 44. Bxb7 Ra3 45. Qb1 Bd4 46. Qe4 Re3 47. Qc2 Qe7 48. Qd1 Bc3 49. Qc1 Bd4 50. Bd5 Re2 51. Qa3 Kh7 52. Qg3 Qg7 53. Qd3 Rf2 54. Rxf2 

1-0

[Event "1nd Jaen Spain, Open"]
[Site "?"]
[Date "2011.02.06"]
[Round "?"]
[White "Rivas Pastor, Manuel"]
[Black "Guerra Bastida, Diego"]
[WhiteElo "2533"]
[BlackElo "2413"]
[Result "1-0"]

1. d4 d5 2. c4 c6 3. Nf3 Nf6 4. Qc2 dxc4 5. Qxc4 Bf5 6. g3 e6 7. Bg2 Nbd7 8. O-O Be7 9. Rd1 O-O 10. e3 Ne4 11. Qe2 Qc7 12. Ne1 Bg6 13. Nd3 c5 14. Nf4 Ndf6 15. f3 Nd6 16. Nxg6 hxg6 17. e4 Nd7 18. Be3 cxd4 19. Bxd4 Rfd8 20. Nc3 Rac8 21. Rac1 a6 22. Nd5 exd5 23. Rxc7 Rxc7 24. exd5 Bf6 25. Bxf6 Nxf6 26. f4 Re8 27. Qf2 Rce7 28. Bf3 Nd7 29. Rd2 b6 30. Re2 Rxe2 31. Bxe2 Ne4 32. Qd4 Nxg3 33. hxg3 Rxe2 34. d6 Re6 35. Qd5 b5 36. Qc6 Nf6 37. Qc8+ Kh7 38. d7 Nxd7 39. Qxd7 Re2 40. Qd4 f5 41. a3 Re4 42. Qb6 Re2 43. b4 Kh6 44. Qxa6 Kh5 45. Qxb5 Rb2 46. Qd3 Kg4 47. b5 Kh3 48. a4 

1-0

[Event "Bor"]
[Site "?"]
[Date "1986.??.??"]
[Round "?"]
[White "Rivas Pastor, Manuel"]
[Black "Ivanovic, Bozidar"]
[WhiteElo "2470"]
[BlackElo "2485"]
[Result "1-0"]

1. d4 e6 2. c4 Bb4+ 3. Bd2 Qe7 4. Nf3 f5 5. g3 Nf6 6. Bg2 Bxd2+ 7. Qxd2 Ne4 8. Qc2 d6 9. O-O O-O 10. Nc3 Nxc3 11. Qxc3 Nd7 12. Rac1 Nf6 13. c5 Nd5 14. Qa3 Bd7 15. cxd6 cxd6 16. Nd2 Bb5 17. Nc4 Rad8 18. e3 b6 19. Rfe1 Kh8 20. b3 h6 21. Rc2 Rd7 22. Rec1 Nf6 23. Qb4 Ba6 24. Bc6 Rfd8 25. Qa4 Bxc4 26. Bxd7 Bxb3 27. axb3 Rxd7 28. Rc8+ Kh7 29. Qc6 e5 30. Rc7 Rxc7 31. Qxc7 Qe6 32. Qc8 Qxc8 33. Rxc8 a5 34. Rc6 exd4 35. exd4 b5 36. Rxd6 a4 37. bxa4 bxa4 38. Ra6 f4 39. Rxa4 Kg6 40. Kg2 fxg3 41. hxg3 

1-0

[Event "Mesa op"]
[Site "?"]
[Date "1992.??.??"]
[Round "?"]
[White "Rivas Pastor, Manuel"]
[Black "Larsen, Bent"]
[WhiteElo "2520"]
[BlackElo "2535"]
[Result "1-0"]

1. c4 g6 2. g3 Bg7 3. Bg2 Nc6 4. Nc3 d6 5. Rb1 f5 6. d3 Nf6 7. b4 a6 8. e3 O-O 9. Nge2 e5 10. O-O Kh8 11. Nd5 Nxd5 12. cxd5 Ne7 13. Bb2 Bd7 14. Qd2 Rc8 15. e4 c6 16. dxc6 Bxc6 17. Nc3 f4 18. Rfc1 Qd7 19. Qd1 h5 20. a4 b5 21. axb5 axb5 22. Rc2 Ra8 23. Ra1 Rxa1 24. Bxa1 d5 25. exd5 Nxd5 26. Nxd5 Bxd5 27. Bxd5 Qxd5 28. Rc5 Qe6 29. Qe1 Re8 30. Qe4 Qa2 31. Bc3 Qb1+ 32. Kg2 Kh7 33. Rc6 f3+ 34. Kh3 Kh8 35. Qxg6 Rf8 36. Bxe5 

1-0

[Event "Marbella zt-f"]
[Site "?"]
[Date "1982.??.??"]
[Round "?"]
[White "Rivas Pastor, Manuel"]
[Black "Ligterink, Gert"]
[WhiteElo "2370"]
[BlackElo "2455"]
[Result "1-0"]

1. d4 Nf6 2. c4 e6 3. Nf3 b6 4. e3 Bb7 5. Bd3 d5 6. b3 Bd6 7. Bb2 O-O 8. Nc3 Nbd7 9. O-O a6 10. Qe2 Ne4 11. Rac1 f5 12. g3 Qe7 13. Ne1 c5 14. cxd5 exd5 15. Ng2 Kh8 16. f3 Ng5 17. Nf4 Qf7 18. Qg2 Rae8 19. Rce1 b5 20. h4 Ne6 21. Ncxd5 cxd4 22. exd4 Nxd4 23. Bxd4 Bxd5 24. h5 Bc5 25. Qf2 Bxd4 26. Qxd4 Bb7 27. h6 Nf6 28. Bxf5 gxh6 29. Kh2 Bc8 30. Rxe8 Rxe8 31. Bxc8 Rxc8 32. Re1 Kg8 33. Re5 Qd7 34. Qxd7 Nxd7 35. Rd5 Rc2+ 36. Kh3 Nc5 37. Rd8+ Kf7 38. Rc8 Rc1 39. Rc7+ Kg8 40. Rc8+ Kf7 41. Rc7+ 

1-0

[Event "Salamanca"]
[Site "?"]
[Date "1991.??.??"]
[Round "?"]
[White "Rivas Pastor, Manuel"]
[Black "Martin Gonzalez, Angel"]
[WhiteElo "2450"]
[BlackElo "2445"]
[Result "1-0"]

1. d4 d5 2. c4 e6 3. Nf3 c5 4. cxd5 exd5 5. Bg5 Be7 6. Bxe7 Qxe7 7. g3 Nc6 8. Bg2 cxd4 9. O-O Nf6 10. Nxd4 O-O 11. Nc3 Qb4 12. Nxc6 bxc6 13. Qc2 Be6 14. Na4 Nd7 15. Rfd1 Bg4 16. b3 Nb6 17. Nc5 Bxe2 18. Qxe2 Qxc5 19. Rac1 Qd6 20. Qa6 Qd7 21. a4 Qc8 22. Bf1 Qf5 23. Rxc6 Nd7 24. Rd6 Nc5 25. Qe2 Rae8 26. R6xd5 Qf6 27. Qc2 Ne4 28. R5d3 a5 29. Re1 Ng5 30. Rxe8 Rxe8 31. Qd1 Ne4 32. Qe1 

1-0

[Event "Minsk"]
[Site "?"]
[Date "1982.??.??"]
[Round "?"]
[White "Rivas Pastor, Manuel"]
[Black "Psakhis, Lev"]
[WhiteElo "2470"]
[BlackElo "2545"]
[Result "1-0"]

1. d4 Nf6 2. Nf3 e6 3. c4 c5 4. e3 b6 5. Nc3 cxd4 6. exd4 Bb7 7. a3 d5 8. cxd5 Nxd5 9. Bb5+ Bc6 10. Bd3 Nd7 11. O-O Be7 12. Ne4 Qc7 13. Bg5 N5f6 14. Rc1 Qb7 15. Bxf6 Nxf6 16. Rxc6 Qxc6 17. Ne5 Qc8 18. Bb5+ Kf8 19. Ng5 a6 20. Ba4 Rg8 21. Qf3 g6 22. Bd7 Qb8 23. Bxe6 Rg7 24. Bxf7 Rxf7 25. Ngxf7 Kg7 26. Ng5 Qc8 27. Re1 h6 28. Ne6+ Kh7 29. Nf4 

1-0

[Event "Amsterdam zt"]
[Site "?"]
[Date "1978.??.??"]
[Round "?"]
[White "Sosonko, Gennadi"]
[Black "Rivas Pastor, Manuel"]
[WhiteElo "2575"]
[BlackElo "2200"]
[Result "0-1"]

1. d4 d5 2. c4 dxc4 3. Nf3 Nf6 4. Nc3 a6 5. e4 b5 6. e5 Nd5 7. a4 c6 8. axb5 Nxc3 9. bxc3 cxb5 10. Ng5 f6 11. Qf3 Ra7 12. e6 Qb6 13. d5 fxg5 14. Qf7+ Kd8 15. Bxg5 Rd7 16. exd7 Nxd7 17. Be2 h6 18. Be3 Qf6 19. Qxf6 exf6 20. Bg4 Bb7 21. O-O Bd6 22. Rfd1 Re8 23. Be6 Nc5 24. Bxc5 Bxc5 25. Bg4 Kc7 26. Bf3 Bd6 27. Kf1 Kb6 28. Re1 Rxe1+ 29. Kxe1 a5 30. Kd2 b4 31. cxb4 axb4 32. Ra4 Ba6 33. Be4 c3+ 34. Kc2 Bc4 35. g3 Kc5 36. Bd3 Bxd5 37. Ra6 Be5 38. Ra5+ Kd4 39. Rxd5+ Kxd5 40. f4 Bd6 41. Bg6 Kc4 42. Bf7+ Kd4 43. Bb3 Ke3 44. f5 h5 45. Bf7 h4 46. gxh4 Bxh2 47. Ba2 Bd6 48. Bb1 Kf4 49. Kb3 Kg4 50. Kc4 Kxh4 51. Bc2 Kg5 52. Kd5 Bf8 53. Ke4 g6 54. fxg6 f5+ 55. Ke5 Bg7+ 56. Ke6 f4 57. Kf7 Kh6 

0-1